000 00967nam a2200241 a 4500
001 49361
003 BD-RjUL
005 20211209054653.0
008 160820s1987 ii a|||| b||| 00| 0 ben d
020 _c: Tk. 30.00
035 _a(BD-RjUL)49480
040 _aBD-RjUL
_bben
_cBD-RjUL
041 _aben
082 _223
_a370.82
_bSAH 1987
100 _aসামন্ত, বসন্তকুমার
_9148208
245 1 0 _aহিতকরী সভা :
_bস্ত্রী-শিক্ষা ও তৎকালীন বঙ্গসমাজ /
_cবসন্তকুমার সামন্ত
260 _aকলকাতা :
_bসাহিত্যলোক,
_c১৯৮৭
300 _a[২৪], ১৬০ পৃ. :
_bচিত্র ;
_c১৮ সেমি.
504 _aগ্রন্থপঞ্জি সংযুক্ত
650 _aশিক্ষায় নারী
_9148209
650 _aWomen in education
_9148210
942 _2ddc
_cBK
999 _c49361
_d49361